Caracteres morales

Spremljeno u:
Bibliografski detalji
Glavni autori: Teofrasto (Autor), Epicteto (Autor), Cebes (Autor)
Format: Knjiga
Jezik:španjolski
Izdano: Buenos Aires Espasa-Calpe 1947
Teme:
Oznake: Dodaj oznaku
Bez oznaka, Budi prvi tko označuje ovaj zapis!

MARC

LEADER 00000nam a2200000 a 4500
001 UCY9269
003 CL-VaPUC
008 950713e19470000AG |||||||||||||||||spa|d
082 0 4 |a 170  |b TEO  |2 21 
100 0 |a Teofrasto  |e author  |9 267068 
700 |a Epicteto  |e author  |9 439826 
700 0 |a Cebes  |e author  |9 341346 
245 1 0 |a Caracteres morales 
246 1 0 |a Enquiridión o máximas 
246 1 3 |a La tabla de Cebes 
300 |a 146 p 
942 |c BK 
945 |d 19950713 00:00:00  |a aalvarez 
260 |a Buenos Aires  |b Espasa-Calpe  |c 1947 
650 0 |a Ética  |9 255099 
650 0 |a Filosofía antigua   |9 255705 
650 7 |a TIPOS PSICOLOGICOS  |2 CL-VaPUC  |9 311445 
583 |a last modification  |c 19950713 00:00:00  |k Rodrigo Vera 
999 |c 236393  |d 236391 
952 |0 0  |1 0  |4 0  |6 170_000000000000000_TEO_1947  |7 0  |8 A  |9 244457  |a BIBEDU  |b BIBEDU  |d 2019-11-18  |i 3104850  |o 170 TEO 1947  |p 3104850  |r 2019-11-18  |w 2019-11-18  |y BK  |k FIL